00333nam a2200145Ia 4500008004100000041000800041082001600049100001300065245004000078250001200118260002000130300000800150365001600158700001300174230718s9999 xx 000 0 und d aeng a005.82bFAD aFadia A. aUnofficial Guide To Ethical Hacking a2nd ed. c2006bMacmillan a589 cRs.b395.00 aFadia A.